000
00283nam a2200121 a 4500
008
101025s1984|||| d
100
1
_a
MacDonald, Ross
245
1
0
_a
Sudičky
260
_b
Slovenký spisovateľ
_a
Bratislava
_c
1984
020
_c
21
041
_a
slo
044
_a
xo
_c
SK
999
_c
12213
_d
12213